| 000 | 00349nam a2200145Ia 4500 | ||
|---|---|---|---|
| 008 | 230917s9999||||xx |||||||||||||| ||und|| | ||
| 040 |
_e128253 _aMAIN |
||
| 041 | _aEnglish | ||
| 082 | _a658.4 H529M | ||
| 100 | _aHicks, Herbert G | ||
| 245 | 0 | _aModern business managemet | |
| 260 |
_aTokyo _bMcGraw-Hill _c1974 |
||
| 300 | _a532 p. | ||
| 942 | _cBK | ||
| 999 |
_c164461 _d164461 |
||